Tilastot visalle Pohjoisimmat valtiot

Klikkaa tästä pelataksesi tätä visaa!

Yleistilastot

  • Tätä visaa on pelattu 4 472 kertaa
  • Keskiarvotulos 18 / 20

Vastaustilastot

° pohjoiseenValtio% Oikein
70°05'Suomi
100%
80°49'Norja
99%
69°04'Ruotsi
99%
81°51'Venäjä
99%
83°06'Kanada
98%
57°45'Tanska
97%
58°05'Latvia
96%
59°48'Viro
96%
67°08'Islanti
95%
56°27'Liettua
95%
71°23'Yhdysvallat
95%
55°03'Saksa
93%
54°50'Puola
92%
60°51'Yhdistynyt
kuningaskunta
87%
56°08'Valko-Venäjä
83%
55°26'Irlanti
81%
53°32'Alankomaat
80%
53°34'Kiina
71%
52°22'Ukraina
69%
55°06'Kazakstan
66%

Tulosjakauma

Persentiili vastausten määrän mukaan

Jokaisen tuloksen saaneiden osuus

Tuloshistoriasi

Et ole pelannut tätä visaa